Oftalmología : (Registro nro. 23495)
[ vista simple ]
| 000 -LEADER | |
|---|---|
| fixed length control field | 01799nam a2200385 4500 |
| 001 - CONTROL NUMBER | |
| control field | 0000023741 |
| 003 - CONTROL NUMBER IDENTIFIER | |
| control field | CO-CtgCURN |
| 005 - DATE AND TIME OF LATEST TRANSACTION | |
| control field | 20250528141316.0 |
| 007 - PHYSICAL DESCRIPTION FIXED FIELD--GENERAL INFORMATION | |
| fixed length control field | ta |
| 008 - FIXED-LENGTH DATA ELEMENTS--GENERAL INFORMATION | |
| fixed length control field | 160627s2012 000 0 eng d |
| 020 ## - INTERNATIONAL STANDARD BOOK NUMBER | |
| International Standard Book Number | 9786074482355 |
| 040 ## - CATALOGING SOURCE | |
| Original cataloging agency | CO-CtgCURN |
| Language of cataloging | spa |
| Transcribing agency | coctgcurn |
| 082 0# - DEWEY DECIMAL CLASSIFICATION NUMBER | |
| Classification number | 617.7 |
| Item number | J27 |
| 100 1# - MAIN ENTRY--PERSONAL NAME | |
| Personal name | James, Bruce. |
| 245 10 - TITLE STATEMENT | |
| Title | Oftalmología : |
| Remainder of title | diagnóstico y tratamiento / |
| Statement of responsibility, etc. | Bruce James, Anthony Bron , traducido por Juan Roberto Palacios Martínez, rev Sergio Rojas Juarez. |
| 260 ## - PUBLICATION, DISTRIBUTION, ETC. | |
| Place of publication, distribution, etc. | México : |
| Name of publisher, distributor, etc. | Manual Moderno, |
| Date of publication, distribution, etc. | 2012. |
| 300 ## - PHYSICAL DESCRIPTION | |
| Extent | xi, 331 p. |
| 336 ## - CONTENT TYPE | |
| Source | rdacontent |
| 337 ## - MEDIA TYPE | |
| Source | rdamedia |
| Media type term | sin mediacion |
| Media type code | n |
| 338 ## - CARRIER TYPE | |
| Source | rdacarrier |
| Carrier type term | volumen |
| Carrier type code | nc |
| 500 ## - GENERAL NOTE | |
| General note | Incluye preguntas y respuestas. |
| 504 ## - BIBLIOGRAPHY, ETC. NOTE | |
| Bibliography, etc. note | Incluye Indice y apendice. |
| 505 8# - FORMATTED CONTENTS NOTE | |
| Formatted contents note | Anatomía -- Anamnesis, sintomas y exploracion -- optica clinica -- orbita -- Parpados -- Sistema lagrimal -- Conjuntiva, cornea y esclerotica -- Cristalino y cataratas -- Uveitis -- Glaucoma -- Retina y coroides -- Vasculopatia retiniana -- Pupila y sus respuestas -- Trastornos de la via visual -- Movimientos oculares y sus trastornos -- Traumatismo -- La oftalmología en paises en desarrollo -- Servicios para personas con discapacidad visual -- Casos clinicos |
| 534 ## - ORIGINAL VERSION NOTE | |
| Main entry of original | ophthalmology lecture notes. |
| 650 14 - SUBJECT ADDED ENTRY--TOPICAL TERM | |
| Topical term or geographic name entry element | Oftalmología. |
| 650 14 - SUBJECT ADDED ENTRY--TOPICAL TERM | |
| Topical term or geographic name entry element | Enfermedades |
| General subdivision | Tratamiento. |
| 700 1# - ADDED ENTRY--PERSONAL NAME | |
| Personal name | Bron, Anthony. |
| 908 ## - PUT COMMAND PARAMETER (RLIN) | |
| Put command parameter | 160627 |
| 942 ## - ADDED ENTRY ELEMENTS (KOHA) | |
| Koha item type | Libros |
| Classification part | 617.7 |
| Item part | J27 |
| Source of classification or shelving scheme | Dewey Decimal Classification |
| Suppress in OPAC | No |
| Withdrawn status | Lost status | Source of classification or shelving scheme | Damaged status | Not for loan | Collection | Home library | Current library | Shelving location | Date acquired | Inventory number | Total checkouts | Full call number | Barcode | Date last seen | Copy number | Price effective from | Koha item type | Public note |
|---|---|---|---|---|---|---|---|---|---|---|---|---|---|---|---|---|---|---|
| Dewey Decimal Classification | General | Miguel Henríquez Emiliani | Miguel Henríquez Emiliani | General | 03/31/2025 | 016906 | 617.7 J27 | 016906 | 03/31/2025 | ej.1 | 03/31/2025 | Libros | 610-CIENME | |||||
| Dewey Decimal Classification | General | Miguel Henríquez Emiliani | Miguel Henríquez Emiliani | General | 03/31/2025 | 016905 | 617.7 J27 | 016905 | 03/31/2025 | ej.2 | 03/31/2025 | Libros | 610-CIENME | |||||
| Dewey Decimal Classification | General | Miguel Henríquez Emiliani | Miguel Henríquez Emiliani | General | 03/31/2025 | 016909 | 617.7 J27 | 016909 | 03/31/2025 | ej.3 | 03/31/2025 | Libros | 610-CIENME | |||||
| Dewey Decimal Classification | General | Miguel Henríquez Emiliani | Miguel Henríquez Emiliani | General | 03/31/2025 | 016908 | 617.7 J27 | 016908 | 03/31/2025 | ej.4 | 03/31/2025 | Libros | 610-CIENME | |||||
| Dewey Decimal Classification | General | Miguel Henríquez Emiliani | Miguel Henríquez Emiliani | General | 03/31/2025 | 016907 | 617.7 J27 | 016907 | 03/31/2025 | ej.5 | 03/31/2025 | Libros | 610-CIENME |